000 00453nam a2200145 i 4500
001 50850
003 ES-MaACL
007 t|
008 030807s1947 sp ||||1| spa d
100 1 _aChamorro, Joaquín.
_937888
245 1 0 _aDon Juan, artista y Don Juan, psicólogo
_b: hombre moderno y otros ensayos /
_cJoaquín Chamorro.
260 _aMadrid :
_b[s.n.],
_c1947 (
_fImp. Cruz)
300 _a132 p. ;
_c18 cm.
852 _aES-MaACL
_jE-2272
_bR.23825
999 _c50850
_d50850